The peoples of Cambodia / (Record no. 6805)

MARC details
000 -LEADER
fixed length control field 01253nam a22002177a 4500
001 - CONTROL NUMBER
control field 6805
003 - CONTROL NUMBER IDENTIFIER
control field FISKH
005 - DATE AND TIME OF LATEST TRANSACTION
control field 20250528163618.0
008 - FIXED-LENGTH DATA ELEMENTS--GENERAL INFORMATION
fixed length control field 250528b cb ||||| |||| 00| 0 eng d
040 ## - CATALOGING SOURCE
Original cataloging agency FISKH
Language of cataloging eng
Transcribing agency FISKH
Modifying agency FISKH
050 ## - LIBRARY OF CONGRESS CALL NUMBER
Classification number BV3305 CRN
082 ## - DEWEY DECIMAL CLASSIFICATION NUMBER
Classification number 959
100 ## - MAIN ENTRY--PERSONAL NAME
Personal name Cambodia Research Network
245 ## - TITLE STATEMENT
Title The peoples of Cambodia /
Statement of responsibility, etc. By Cambodia Research Network
260 ## - PUBLICATION, DISTRIBUTION, ETC.
Place of publication, distribution, etc. Phnom Penh :
Date of publication, distribution, etc. 2007.
300 ## - PHYSICAL DESCRIPTION
Extent 50 pages :
Other physical details color illustrations, maps ;
Dimensions 24 cm .
520 ## - SUMMARY, ETC.
Summary, etc. The Peoples of Cambodia is a concise and informative resource that delves into the diverse ethnic groups and communities residing within Cambodia. The book provides an overview of various indigenous groups, their cultural practices, languages, and traditions. It highlights the rich tapestry of Cambodia's population, emphasizing the importance of understanding and preserving the unique identities of these communities.<br/><br/>Through its pages, readers gain insight into the daily lives, customs, and challenges faced by different peoples in Cambodia. The book serves as an educational tool for those interested in the cultural diversity and social fabric of the country.
650 ## - SUBJECT ADDED ENTRY--TOPICAL TERM
Topical term or geographic name entry element Cambodia
Form subdivision Non-fiction
942 ## - ADDED ENTRY ELEMENTS (KOHA)
Source of classification or shelving scheme Dewey Decimal Classification
Koha item type Books
Suppress in OPAC No
Holdings
Withdrawn status Lost status Source of classification or shelving scheme Damaged status Not for loan Collection Home library Current library Shelving location Date acquired Total Checkouts Full call number Barcode Date last seen Price effective from Koha item type
    Dewey Decimal Classification     Non-Fiction Footprints International School Library Network Toul Tom Poung Campus Footprints International School Library Network Toul Tom Poung Campus TTP Secondary Non-Fiction Bookshelves 05/28/2025   CAM 959 BV3305 CRN 2025-1429 05/28/2025 05/28/2025 Books